| 000 | 01315cam a22003614a 4500 | ||
|---|---|---|---|
| 001 | 15553646 | ||
| 005 | 20170105102854.0 | ||
| 008 | 081212s2008 enk b 001 0 eng | ||
| 010 | _a 2008278365 | ||
| 020 | _a9781850658856 (casebound) | ||
| 020 | _a9781850658863 (pbk.) | ||
| 040 |
_aDLC _cDLC _dDLC |
||
| 043 |
_af------ _aa-cc--- |
||
| 050 | 0 | 0 |
_aDT38.9.C5 _bC5125 2008b |
| 082 | _a337.5106 | ||
| 245 | 0 | 0 |
_aChina returns to Africa : _ba rising power and a continent embrace / _cChris Alden, Daniel Large, and Ricardo Soares de Oliveira, editors. |
| 260 |
_aLondon : _bHurst, _cc2008. |
||
| 300 |
_axx, 382 p. ; _c22 cm. |
||
| 504 | _aIncludes bibliographical references. | ||
| 651 | 0 |
_aAfrica _xRelations _zChina. |
|
| 651 | 0 |
_aChina _xRelations _zAfrica. |
|
| 651 | 0 |
_aChina _xEconomic policy _y2000- |
|
| 651 | 0 |
_aChina _xEconomic conditions _y2000- |
|
| 651 | 0 |
_aAfrica _xEconomic policy _y21st century. |
|
| 651 | 0 |
_aAfrica _xEconomic conditions _y21st century. |
|
| 700 | 1 | _aAlden, Chris. | |
| 700 | 1 | _aLarge, Daniel. | |
| 700 | 1 | _aOliveira, Ricardo Soares de. | |
| 856 | 4 | 1 |
_3Table of contents only _uhttp://www.loc.gov/catdir/toc/fy0904/2008278365.html |
| 906 |
_a7 _bcbc _corigcop _d2 _encip _f20 _gy-gencatlg |
||
| 942 |
_2ddc _cBK |
||
| 999 |
_c14418 _d14418 |
||